Labour ward rules / (Record no. 5181)

000 -LEADER
fixed length control field 01169 a2200265 4500
003 - CONTROL NUMBER IDENTIFIER
control field OSt
005 - DATE AND TIME OF LATEST TRANSACTION
control field 20220405071410.0
008 - FIXED-LENGTH DATA ELEMENTS--GENERAL INFORMATION
fixed length control field 220405b ||||| |||| 00| 0 eng d
020 ## - INTERNATIONAL STANDARD BOOK NUMBER
International Standard Book Number 0727916351
040 ## - CATALOGING SOURCE
Transcribing agency ALUPE UNIVERSITY
050 #4 - LIBRARY OF CONGRESS CALL NUMBER
Classification number RG500
Item number .F39 2001
100 1# - MAIN ENTRY--PERSONAL NAME
Personal name Fay, Toby.
245 10 - TITLE STATEMENT
Title Labour ward rules /
Statement of responsibility, etc. Toby Fay.
260 ## - PUBLICATION, DISTRIBUTION, ETC.
Place of publication, distribution, etc. London :
Name of publisher, distributor, etc. BMJ Books,
Date of publication, distribution, etc. c2001.
300 ## - PHYSICAL DESCRIPTION
Extent 1 online resource (xx, 132 p.) :
Other physical details ill.
340 ## - PHYSICAL MEDIUM
Color content polychrome
Source rdacc
Authority record control number or standard number http://rdaregistry.info/termList/RDAColourContent/1003
500 ## - GENERAL NOTE
General note Description based on print version record.
504 ## - BIBLIOGRAPHY, ETC. NOTE
Bibliography, etc. note Includes bibliographical references and index.
650 #0 - SUBJECT ADDED ENTRY--TOPICAL TERM
Topical term or geographic name entry element Delivery (Obstetrics)
Authority record control number or standard number http://id.loc.gov/authorities/subjects/sh85036582
650 #0 - SUBJECT ADDED ENTRY--TOPICAL TERM
Topical term or geographic name entry element Labor (Obstetrics)
Authority record control number or standard number http://id.loc.gov/authorities/subjects/sh85073636
650 #0 - SUBJECT ADDED ENTRY--TOPICAL TERM
Topical term or geographic name entry element Hospitals
Authority record control number or standard number http://id.loc.gov/authorities/subjects/sh85062285
General subdivision Marketing services
-- Management.
776 08 - ADDITIONAL PHYSICAL FORM ENTRY
Relationship information Print version:
Main entry heading Fay, Toby.
Title Labour ward rules.
Place, publisher, and date of publication London : BMJ Books, c2001
International Standard Book Number 0727916351
856 40 - ELECTRONIC LOCATION AND ACCESS
Uniform Resource Identifier https://login.proxy.lib.duke.edu/login?url=http://www.netlibrary.com/urlapi.asp?action=summary&v=1&bookid=66705
942 ## - ADDED ENTRY ELEMENTS (KOHA)
Source of classification or shelving scheme
Koha item type Book
Holdings
Withdrawn status Lost status Source of classification or shelving scheme Damaged status Not for loan Permanent Location Current Location Shelving location Date acquired Source of acquisition Total Checkouts Full call number Barcode Date last seen Price effective from Koha item type Public note
          AU LIBRARY AU LIBRARY Open Shelf 05.04.2022 DONATION FROM MOI UNIVERSITY   RG500 .F39 2001 28007761 05.04.2022 05.04.2022 Book WO

Powered by Koha